000 00379nam a2200157Ia 4500
008 221030s9999 xx 000 0 und d
020 _a8176561983
041 _aEnglish
082 _a105.23
_bMer
100 _aR. Mercer
245 0 _aComputing Fundamentals with C++
_cby R. Mercer
260 _bBPB Pub
_aNew Delhi
_c2000
300 _a814
650 _aBE Computer
942 _cBK
999 _c348
_d348